| 000 | 01268nam0a2200337 4500 | ||
|---|---|---|---|
| 001 | RU\NLR\BIBL_A\022655725 | ||
| 005 | 20260112152338.0 | ||
| 010 |
_a978-5-04-210053-6 _93000 |
||
| 021 |
_aRU _bКН-П-25-054113 _9КН-П-25-5217 |
||
| 035 | _a(NLR Aleph) 022655725 | ||
| 090 |
_a13514266 _c13514266 |
||
| 100 | _a20251028d2025 a y0rusy50 ca | ||
| 101 | 1 |
_arus _cjpn |
|
| 102 | _aRU | ||
| 105 | _aa z 000ay | ||
| 181 | 0 |
_ai3 _baxxe |
|
| 182 | 0 | _an | |
| 200 | 1 |
_aЦитадель _fФумико Энти _gперевод с японского Галины Дуткиной |
|
| 203 |
_aТекст _bвизуальный _cнепосредственный |
||
| 210 |
_aМосква _cЭксмо _d2025 |
||
| 215 |
_a251, [3] с. _cил. _d19 _e1 закладка |
||
| 225 | 1 |
_aМаскот _eпутешествие в Азию с белым котом |
|
| 333 | _a16+ | ||
| 686 | 1 | _aШ6(5Я)67-440.4{Лх2318-50} | |
| 700 | 1 |
_aЭнти _bФ. _f1905-1986 _gФумико _3RU\NLR\AUTH\7729070 |
|
| 702 | 1 |
_aДуткина _bГ.Б. _gГалина Борисовна _3RU\NLR\AUTH\770239208 _4730 |
|
| 942 | _cBOOK | ||
| 980 | _aNB | ||